Ensayo de una bibliografía de la intervención europea en México en el siglo XIX, 1861-1867 /

Guardat en:
Dades bibliogràfiques
Autor principal: Hernández Tapia, Germán (autor)
Format: Llibre
Idioma:espanyol
Publicat: México : Sociedad Mexicana de Geografía y Estadística, Sección de Historia, 1962, c1962
Etiquetes: Afegir etiqueta
Sense etiquetes, Sigues el primer a etiquetar aquest registre!

MARC

LEADER 00000nam^a2200000^a^4500
001 000615864
005 20250612000000.0
009 20260526154218.001
025 |a Donación Robles Martínez, 1 ejemplar 
037 |a Acervo ITESO - Biblioteca 
041 |a ESP 
091 |a FRM. 00467 
100 |a Hernández Tapia, Germán  |e (autor) 
245 1 0 |a Ensayo de una bibliografía de la intervención europea en México en el siglo XIX, 1861-1867 / 
264 4 |a México :  |b Sociedad Mexicana de Geografía y Estadística, Sección de Historia,  |c 1962, c1962 
300 |a 143 p. 
336 |a texto  |b txt  |2 rdacontenido 
337 |a sin mediación  |b n  |2 rdamedio 
338 |a volumen  |b nc  |2 rdasoporte 
649 |a XX 
910 |a Fondo Robles Martínez 
920 |a Impresos - Libros 
930 |a Fondos Especiales 
905 |a 123 
901 |a 615864-10  |b IT2  |c ESP  |i D  |u 20250612 
902 |a https://opac.biblio.iteso.mx/vufind/Record/000615864